| 000 | 00441nam a2200181Ia 4500 | ||
|---|---|---|---|
| 001 | 9523 | ||
| 005 | 20260306161724.0 | ||
| 008 | 260306t2008||||xx |||||||||||||| ||spa|| | ||
| 041 | _aESP | ||
| 082 |
_a379.8515 _bS23 2008 |
||
| 100 |
_aSarmiento Gutiérrez, Julio _eAUT |
||
| 245 | 0 | _aUna centuria de logros y desafíos | |
| 260 | _c2008 | ||
| 300 |
_a269 páginas : _ccm. |
||
| 650 | _aGEN | ||
| 654 | _aCED | ||
| 942 |
_cLIB _dJUS _fJUS _2ddc _n |
||
| 999 |
_c9523 _d9523 |
||